| Tag |
First Indicator |
Second Indicator |
Subfields |
| LEADER |
00000cam a2200000 4500 |
| 001 |
in00000066072 |
| 005 |
20151008051243.0 |
| 008 |
750807s1942 mau b 00000 eng u |
| 010 |
|
|
|a 42025830
|
| 035 |
|
|
|a (OCoLC)01520220
|
| 035 |
|
|
|9 AAG6774AM
|
| 040 |
|
|
|c DZM
|d TXA
|d UtOrBLW
|
| 049 |
|
|
|a TXAM
|c 2 [105084]
|
| 050 |
0 |
0 |
|a JF51
|b .Z5 1942
|
| 092 |
|
|
|a 342.4
|b Z78g, 1942
|
| 100 |
1 |
|
|a Zink, Harold,
|d 1901-1962.
|
| 245 |
1 |
0 |
|a Government in wartime Europe and Japan.
|
| 250 |
|
|
|a Rev. ed.
|b Edited by Harold Zink...and Taylor Cole...
|
| 264 |
|
1 |
|a Boston,
|a New York [etc.] :
|b Published for Reynal and Hitchcock by Houghton Mifflin company,
|c [1942]
|
| 300 |
|
|
|a xii pages, 1 leaf, 298 pages ;
|c 22 cm.
|
| 336 |
|
|
|a text
|b txt
|2 rdacontent
|
| 337 |
|
|
|a unmediated
|b n
|2 rdamedia
|
| 338 |
|
|
|a volume
|b nc
|2 rdacarrier
|
| 500 |
|
|
|a Revised and enlarged edition of Government in wartime Europe, published in 1941, containing papers presented at the 1940 European affairs session of the American political science association. cf. Pref.
|
| 504 |
|
|
|a Bibliographical references included in "Notes" (pages 265-290).
|
| 505 |
0 |
|
|a The government of England in wartime, by E.P. Chase.--Government and the social pattern in wartime England., by W.H. Wickwar.--The effects of the war on the government of Germany, by F.M. Marx.--Wartime theories and policies of the third reich, by Taylor Cole.--The impact of the war on soviet political and economic institutions, by J.N. Hazard.--The impact of the second woeld war on Italian fascism, by William Ebenstein.--French government under Petein, by J.G. Heinberg.--The effects of the war on the governments of Norway and Sweden, by A.G. Roabovde.--Totalitarian government in Japan, by Kenneth Colergrove.
|
| 651 |
|
0 |
|a Europe
|x Politics and government
|y 1918-1945.
|
| 700 |
1 |
|
|a Cole, Taylor,
|d 1905-1991.
|
| 999 |
|
|
|a MARS
|
| 999 |
f |
f |
|s 28c60f4c-409b-3587-afc7-b837cc0ee4ca
|i b3eb68e9-71a2-3649-8928-9c8d22cdb8d0
|t 0
|
| 952 |
f |
f |
|p ric
|a Texas A&M University
|b Rellis Campus
|c Joint Library Facility
|d Remote Storage
|t 0
|e JF51 .Z5 1942
|h Library of Congress classification
|i unmediated -- volume
|m A14800786336
|
| 998 |
f |
f |
|a JF51 .Z5 1942
|t 0
|l Remote Storage
|